Statystyki dla Stolice Europy A-Z

Kliknij tutaj aby rozwiązać quiz!

Ogólne statystyki

  • Ten quiz został rozwiązany 452 razy
  • Średni wynik to 14 z 18

Statystyki odpowiedzi

HintOdpowiedź% Poprawnych
BBerlin | Berno | Bratysława | Bruksela +3
99%
WWarszawa | Watykan | Wiedeń | Wilno
97%
MMadryt | Mińsk | Monako | Moskwa
95%
AAmsterdam | Andora | Ankara | Ateny
94%
LLizbona | Londyn | Lublana | Luksemburg
93%
PParyż | Podgorica | Praga | Prisztina
91%
KKijów | Kiszyniów | Kopenhaga
90%
RReykjavik | Ryga | Rzym
88%
SSarajewo | Skopje | Sofja | Sztokholm +1
87%
OOslo
86%
HHelsinki
83%
TTallinn | Tbilisi | Tirana
81%
VVaduz | Valetta
78%
ZZagrzeb
78%
DDublin
77%
EEdynburg | Erywań
45%
NNikozja | Nur-Sułtan
45%
CCardiff
17%

Rozkład punktacji

Percentyl według liczby udzielonych odpowiedzi

Procent ludzi z każdym wynikiem

Twoja historia wyników

Nie rozwiązałeś tego quizu